Co jsou to pocity? : první otázky a odpovědi /

Hlavní autor: Pym, Christine, 1984-
Další autoři: Daynes, Katie, Vyskočil, Josef
Jazyk: Čeština
Vydáno: Praha : Svojtka & Co., 2020
Vydání: První české vydání
Edice: Kuk pod okénko
Témata:
Fyzický popis: 14 nečíslovaných stran : barevné ilustrace ; 23 cm
Knihy
Uloženo v:
LEADER 02181nam a2200601 i 4500
001 nkc20203177930
003 CZ PrNK
005 20200519103222.0
007 ta
008 200225s2020 xr a a f 000 0 cze
015 |a cnb003177930 
020 |a 978-80-256-2747-1  |q (vázáno) 
035 |a (OCoLC)1199990634 
040 |a OLA001  |b cze  |d ABA001  |e rda 
041 1 |a cze  |h eng 
072 7 |a 159.93/.94  |x Senzorické a motorické funkce. Emoce. Vůle  |2 Konspekt  |9 17 
072 7 |a 0/9-053.2  |x Literatura pro děti a mládež (naučná)  |2 Konspekt  |9 26 
080 |a 159.942  |2 MRF 
080 |a (0.062)  |2 MRF 
080 |a (0.025.2)  |2 MRF 
080 |a (0.053.2)  |2 MRF 
100 1 |a Pym, Christine,  |d 1984-  |7 pna2014850302  |4 ill 
240 1 0 |a What are feelings?.  |l Česky 
245 1 0 |a Co jsou to pocity? :  |b první otázky a odpovědi /  |c ilustrace Christine Pym ; text Katie Daynes 
250 |a První české vydání 
264 1 |a Praha :  |b Svojtka & Co.,  |c 2020 
300 |a 14 nečíslovaných stran :  |b barevné ilustrace ;  |c 23 cm 
336 |a text  |b txt  |2 rdacontent 
336 |a statický obraz  |b sti  |2 rdacontent 
337 |a bez média  |b n  |2 rdamedia 
338 |a svazek  |b nc  |2 rdacarrier 
490 1 |a Kuk pod okénko 
500 |a Název z obálky 
500 |a Z angličtiny přeložil Josef Vyskočil 
500 |a Kartonové listy s odklápěcími okénky 
650 0 7 |a emoce  |7 ph114465  |2 czenas 
650 0 7 |a emoční inteligence  |7 ph119926  |2 czenas 
650 0 9 |a emotions  |2 eczenas 
650 0 9 |a emotional intelligence  |2 eczenas 
655 7 |a populárně-naučné publikace  |7 fd131864  |2 czenas 
655 7 |a leporela  |7 fd132727  |2 czenas 
655 7 |a publikace pro děti  |7 fd133156  |2 czenas 
655 9 |a popular works  |2 eczenas 
655 9 |a folding picture-books  |2 eczenas 
655 9 |a children's literature  |2 eczenas 
700 1 |a Daynes, Katie  |7 kv2011648706  |4 aut 
700 1 |a Vyskočil, Josef  |7 ola2002106761  |4 trl 
830 0 |a Kuk pod okénko  |0 s 
910 2 |a BOA001  |b 2-1445.144 
990 |a BK 
995 |a 01 
991 |b 202003  |c NOV 
996 6 |b 2610816707  |c 2-1445.144  |l MZK  |r Sklad / do 1 hodiny  |n 2  |p p.v.  |w 001784570  |u 000010  |a 1  |e BOA001  |j MZK50  |s P